1050 1091 1965 1858 1405 1348 1475 1473 1233 1311 1964 1956 1745 1018 1570 1345 1528 1157 1949 1784 1705 1579 1680 1771 1596 1826 1718 1139 1764 1956 1976 1955 1737 1998 1127 1039 1915 1012 1671 1508 1866 1826 1115 1046 1122 1212 1302 1603 1278 1724 1382 1238 1382 1891 1033 1319 1733 1483 1108 1726 1531 1330 1105 1872 1534 1790 1358 1212 1279 1793 1502 1212 1255 1082 1224 1596 1747 1589 1859 1236 1054 1308 1054 1152 1624 1647 1055 1360 1555 1675 1250 1535 1196 1850 1583 1448 1112 1050 1277 BCNSPRNW ULIB Ver.6.0+V

เปลี่ยนเป็นภาษาไทย

Change to English
 แสดงรายละเอียดบรรณานุกรม
  กลับหน้าหลัก

Brief Record : Get Marc (ISO 2709) : E-mail record : QR code < ปิดหน้าต่าง
LEADER : 00000nam 2200000uu 4500
001    13399114722
003     ULIB
008    120503s2554||||th 000 0 tha d
020    ^a9789742466350
050 04 ^aPL4158^bก563ห
100 0  ^aกำชัย ทองหล่อ
245 10 ^aหลักภาษาไทย /^cกำชัย ทองหล่อ
250    ^aพิมพ์ครั้งที่ 35
260    ^aกรุงเทพฯ:^Bรวมสาส์น,^c2554
300    ^a540 หน้า
650    ^aหลักภาษาไทย
945    ^p345^l0^i18990
945    ^p345^l0^i18991
945    ^p345^l0^i18992
995    ^aฌฏาณ
999    ^aใช้งานได้ทุกระบบ
รายการนี้ยังไม่มีแท็ก
คุณยังไม่ได้ล็อกอิน คุณสามารถมีกิจกรรมร่วมกับเว็บไซต์ได้ แต่ต้องล็อกอินก่อน ::
  ล็อกอิน

รายการสื่อสารสนเทศ

ลำดับที่ ประเภท เลขเรียก/บาร์โค้ด สถานที่ สถานะ
- ไม่พบข้อมูล -

รายการใกล้เคียง
    ผู้แต่ง [กำชัย ทองหล่อ]

    หัวเรื่อง [หลักภาษาไทย]

BibComment


ยังไม่เคยถูกคอมเมนท์

คอมเมนท์ทรัพยากรรายการนี้
  คอมเมนท์: หลักภาษาไทย กำช..


 Copyright 2026. Bcnsprnw @Library